Statistics for World War II Quiz #2: Random Trivia

Click here to take the quiz!

General Stats

  • This quiz has been taken 34 times
    (11 since last reset)
  • The average score is 8 of 13

Answer Stats

HintAnswer% Correct
What year did WWII start?1939
100%
What year did Japan attack Pearl Harbor (U.S)?1941
100%
What year did WWII end?1945
100%
What country was the first to be invaded?Poland
100%
What year did France surrender?1940
78%
What year did Germany surrender?1945
78%
Which country had the most deaths?Russia
78%
Who was the Italian dictator for most of WWII?Benito Mussolini
67%
In 1940, The Axis Powers invaded The Netherlands, Belgium, France and which other country?Luxembourg
33%
Name the 2 U.S Presidents who served during WWII.Roosevelt, Truman
33%
Which two nations declared war on Germany after the invasion of Poland?Britain, France
22%
How many military deaths did Japan suffer?2,120,000
11%
How long did the War for the Pacific last?nine months
11%

Score Distribution

Percentile by Number Answered

Percent of People with Each Score

Your Score History

You have not taken this quiz since the last reset